[Event "SVK-chT1E 1314"]
[Site "Slovakia"]
[Date "2014.03.23"]
[Round "11.5"]
[White "Stric, Dusan"]
[Black "Kerdik, Adam"]
[Result "1-0"]
[WhiteElo "2073"]
[BlackElo "1956"]
[PlyCount "93"]
[EventDate "2013.10.12"]
[EventType "team-tourn"]
[EventRounds "11"]
[EventCountry "SVK"]
[SourceTitle "EXT 2015"]
[Source "ChessBase"]
[SourceDate "2014.11.20"]
[SourceVersion "1"]
[SourceVersionDate "2014.11.20"]
[SourceQuality "1"]
[WhiteTeam "Banska Bystrica TH"]
[BlackTeam "Liptov Chess School"]
[WhiteTeamCountry "SVK"]
[BlackTeamCountry "SVK"]

1. c4 e5 2. Nc3 Nf6 3. g3 d5 4. cxd5 Nxd5 5. Bg2 Nb6 6. Nf3 Nc6 7. 0-0 Be7 8. b3 Be6 9. Bb2 f6 10. e3 Qd3 11. Ne1 Qd7 12. Ne2 0-0-0 13. d4 Bh3 14. Nf3 Bxg2 15. Kxg2 e4 16. Nd2 f5 17. Nc4 h5 18. Nxb6+ axb6 19. h4 Nb4 20. Nf4 Rh6 21. Rh1 Nd5 22. Nxd5 Qxd5 23. Qe2 Rdh8 24. Qc4 Qxc4 25. bxc4 g5 26. hxg5 Bxg5 27. d5 Rg8 28. Rh3 h4 29. Rah1 Rhg6 30. Be5 Re8 31. Bf4 Bxf4 32. exf4 hxg3 33. fxg3 Reg8 34. Re1 Kd7 35. Re3 R8g7 36. Rh8 Kd6 37. Rf8 Kc5 38. Rxf5 Kxc4 39. Re5 Rd6 40. R3xe4+ Kc5 41. Re7 Rd7 42. Rxg7 Rxg7 43. Re5 Rd7 44. Kf3 Rxd5 45. Ke4 c6 46. Rxd5+ cxd5+ 47. Kd3 1-0

[Event "SVK-chT2C 1314"]
[Site "Slovakia"]
[Date "2014.02.23"]
[Round "9.6"]
[White "Kral, Pavol"]
[Black "Stric, Dusan"]
[Result "1/2-1/2"]
[WhiteElo "2047"]
[BlackElo "2073"]
[PlyCount "49"]
[EventDate "2013.10.19"]
[EventType "team-tourn"]
[EventRounds "11"]
[EventCountry "SVK"]
[SourceTitle "EXT 2015"]
[Source "ChessBase"]
[SourceDate "2014.11.20"]
[SourceVersion "1"]
[SourceVersionDate "2014.11.20"]
[SourceQuality "1"]
[WhiteTeam "Banska Bystrica Veza"]
[BlackTeam "Liptov Chess School II"]
[WhiteTeamCountry "SVK"]
[BlackTeamCountry "SVK"]

1. Nf3 g6 2. g3 Bg7 3. Bg2 c5 4. 0-0 Nc6 5. d3 e6 6. e4 Nge7 7. Nc3 0-0 8. Be3 b6 9. Qd2 Bb7 10. Bh6 d5 11. Bxg7 Kxg7 12. h4 h6 13. Nh2 dxe4 14. Nxe4 Nf5 15. Rad1 Qc7 16. Ng4 f6 17. Ne3 Nce7 18. Ng4 h5 19. Ngxf6 Rxf6 20. Nxf6 Kxf6 21. Qg5+ Kg7 22. Bxb7 Qxb7 23. c3 Nd5 24. Rfe1 Qf7 25. Re2 1/2-1/2

[Event "SVK-chT1E 1314"]
[Site "Slovakia"]
[Date "2013.11.16"]
[Round "3.8"]
[White "Pcola, Jaroslav1111"]
[Black "Stric, Dusan"]
[Result "0-1"]
[WhiteElo "1890"]
[BlackElo "2073"]
[PlyCount "92"]
[EventDate "2013.10.12"]
[EventType "team-tourn"]
[EventRounds "11"]
[EventCountry "SVK"]
[SourceTitle "EXT 2015"]
[Source "ChessBase"]
[SourceDate "2014.11.20"]
[SourceVersion "1"]
[SourceVersionDate "2014.11.20"]
[SourceQuality "1"]
[WhiteTeam "Humenne"]
[BlackTeam "Banska Bystrica TH"]
[WhiteTeamCountry "SVK"]
[BlackTeamCountry "SVK"]

1. e4 g6 2. d4 Bg7 3. Bc4 e6 4. Nc3 Ne7 5. Bg5 f6 6. Be3 d5 7. Bb3 dxe4 8. Nxe4 Nf5 9. Ne2 Nxe3 10. fxe3 b6 11. Qd3 0-0 12. Nf4 Re8 13. h4 Ba6 14. Qc3 Qc8 15. 0-0-0 Bb7 16. Nf2 c6 17. h5 g5 18. Nxe6 Rxe6 19. h6 Bh8 20. Qc4 Kf7 21. Qd3 Ke7 22. Qxh7+ Kd6 23. Bxe6 Kxe6 24. Qe4+ Kd6 25. Qg6 Nd7 26. Ne4+ Kc7 27. Rdf1 Qe8 28. Qh7 c5 29. Nxf6 Qxe3+ 30. Kb1 Bxf6 31. Rxf6 Re8 32. b3 Be4 33. Qf7 Bxc2+ 34. Kxc2 Qe2+ 35. Kb1 Qd3+ 36. Kc1 Re2 37. Rc6+ Kxc6 38. Qf3+ Qxf3 39. gxf3 Re8 40. dxc5 Nxc5 41. Kd2 Rh8 42. Ke3 Kd6 43. b4 Na6 44. Ke4 Ke6 45. a3 Kf6 46. Rd1 Re8+ 0-1

[Event "Oravska Priehrada op"]
[Site "Oravska Priehrada"]
[Date "2013.08.11"]
[Round "7"]
[White "Kutny, Marian"]
[Black "Stric, Dusan"]
[Result "0-1"]
[WhiteElo "1916"]
[BlackElo "2066"]
[PlyCount "90"]
[EventDate "2013.08.09"]
[EventType "swiss"]
[EventRounds "7"]
[EventCountry "SVK"]
[SourceTitle "CBM 155 Extra"]
[Source "ChessBase"]
[SourceDate "2013.08.26"]
[SourceVersion "1"]
[SourceVersionDate "2013.08.26"]
[SourceQuality "1"]

1. d4 g6 2. c4 Bg7 3. Nc3 d6 4. e3 Nd7 5. Nf3 e5 6. dxe5 Nxe5 7. Nxe5 Bxe5 8. Qc2 Ne7 9. Bd3 0-0 10. 0-0 f5 11. b3 Nc6 12. a3 b6 13. Bb2 Bb7 14. Nd5 Bxb2 15. Qxb2 Ne5 16. Be2 Rf7 17. Rad1 Qf8 18. Nf4 Re8 19. Nd3 Qg7 20. Nxe5 Rxe5 21. Bf3 Bxf3 22. gxf3 f4 23. Qe2 Qh6 24. Rd5 Rff5 25. Rxe5 Rxe5 26. Rd1 fxe3 27. Rd4 exf2+ 28. Qxf2 Qg5+ 29. Kf1 Qc1+ 30. Kg2 Qxa3 31. Qh4 Qb2+ 32. Kg3 g5 33. Qg4 Re7 34. Rd5 h6 35. Qc8+ Kg7 36. Rf5 Kg6 37. Qf8 Qg7 38. Qc8 Rd7 39. Rd5 Qf7 40. Kg2 Re7 41. Kf2 Qf4 42. Qg8+ Kh5 43. h4 Qxh4+ 44. Kf1 Re1+ 45. Kg2 Re2+ 0-1

[Event "SVK-chT1E 1213"]
[Site "Slovakia"]
[Date "2013.01.13"]
[Round "6.2"]
[White "Stric, Dusan"]
[Black "Tropp, Frantisek"]
[Result "0-1"]
[WhiteElo "2045"]
[BlackElo "2106"]
[PlyCount "62"]
[EventDate "2012.10.20"]
[EventType "team-tourn"]
[EventRounds "11"]
[EventCountry "SVK"]
[SourceTitle "EXT 2015"]
[Source "ChessBase"]
[SourceDate "2014.11.20"]
[SourceVersion "1"]
[SourceVersionDate "2014.11.20"]
[SourceQuality "1"]
[WhiteTeam "Banska Bystrica Junior"]
[BlackTeam "Kezmarok"]
[WhiteTeamCountry "SVK"]
[BlackTeamCountry "SVK"]

1. c4 e5 2. Nc3 Nc6 3. g3 g6 4. Bg2 Bg7 5. e3 f5 6. Nge2 Nf6 7. 0-0 0-0 8. b3 d6 9. Bb2 Ne7 10. d4 c6 11. Ba3 e4 12. d5 c5 13. Bb2 g5 14. f3 exf3 15. Bxf3 Ng6 16. Qd2 Qe7 17. Rae1 Bd7 18. e4 Nxe4 19. Nxe4 fxe4 20. Bxg7 Rxf3 21. Bb2 Raf8 22. Nc1 Bh3 23. Rxf3 Rxf3 24. Qe2 Qf7 25. a3 a5 26. b4 axb4 27. axb4 b6 28. bxc5 bxc5 29. Qd1 Rf2 30. Nd3 exd3 31. Re8+ Nf8 0-1

[Event "SVK-chT2C 1213"]
[Site "Slovakia"]
[Date "2012.12.16"]
[Round "6.5"]
[White "Stric, Dusan"]
[Black "Listiak, Juraj"]
[Result "1-0"]
[WhiteElo "2045"]
[BlackElo "1975"]
[PlyCount "69"]
[EventDate "2012.10.13"]
[EventType "team-tourn"]
[EventRounds "11"]
[EventCountry "SVK"]
[SourceTitle "EXT 2015"]
[Source "ChessBase"]
[SourceDate "2014.11.20"]
[SourceVersion "1"]
[SourceVersionDate "2014.11.20"]
[SourceQuality "1"]
[WhiteTeam "Dolny Kubin"]
[BlackTeam "Banska Bystrica Kurta"]
[WhiteTeamCountry "SVK"]
[BlackTeamCountry "SVK"]

1. c4 e5 2. Nc3 Nc6 3. g3 g6 4. Bg2 Bg7 5. e3 Nge7 6. Nge2 d6 7. 0-0 Be6 8. b3 0-0 9. Bb2 Qd7 10. d4 exd4 11. Nxd4 Nxd4 12. exd4 d5 13. c5 Bh3 14. Ne2 h5 15. Bxh3 Qxh3 16. Nf4 Qd7 17. Nd3 Nc6 18. Ne5 Nxe5 19. dxe5 Rad8 20. Bd4 Rfe8 21. f4 Qf5 22. Qf3 c6 23. Rae1 f6 24. Qc3 Kf7 25. Kg2 Re7 26. h3 Rde8 27. Qa1 Kg8 28. exf6 Rxe1 29. Rxe1 Rxe1 30. Qxe1 Bxf6 31. Qe8+ Kg7 32. Qe7+ Kg8 33. Bxf6 Qc2+ 34. Kf1 Qc1+ 35. Qe1 1-0

[Event "SVK-chT2C 1213"]
[Site "Slovakia"]
[Date "2012.12.02"]
[Round "4.3"]
[White "Stric, Dusan"]
[Black "Pauco, Vladimir1111"]
[Result "1-0"]
[WhiteElo "2045"]
[BlackElo "1823"]
[PlyCount "81"]
[EventDate "2012.10.13"]
[EventType "team-tourn"]
[EventRounds "11"]
[EventCountry "SVK"]
[SourceTitle "EXT 2015"]
[Source "ChessBase"]
[SourceDate "2014.11.20"]
[SourceVersion "1"]
[SourceVersionDate "2014.11.20"]
[SourceQuality "1"]
[WhiteTeam "Dolny Kubin"]
[BlackTeam "Detva Garde"]
[WhiteTeamCountry "SVK"]
[BlackTeamCountry "SVK"]

1. c4 c5 2. Nc3 Nf6 3. g3 e6 4. Bg2 d5 5. cxd5 Nxd5 6. Nf3 Be7 7. 0-0 0-0 8. d3 Nc6 9. a3 a6 10. Qc2 b6 11. Ne4 Nd4 12. Qd1 Bb7 13. e3 Nxf3+ 14. Bxf3 Qc7 15. Qe2 Rac8 16. Nd2 Rfd8 17. e4 Nf6 18. Rd1 e5 19. Bg2 Qd7 20. Nc4 Qc7 21. Bd2 b5 22. Ba5 Qb8 23. Bxd8 Bxd8 24. Ne3 g6 25. Rac1 a5 26. b3 Qa8 27. Qb2 Nd7 28. Bh3 f5 29. exf5 Bf6 30. fxg6 e4 31. d4 Rd8 32. gxh7+ Kh8 33. Bxd7 Rxd7 34. Rxc5 Rxh7 35. Qe2 Qe8 36. Qg4 Bc6 37. Qf5 Bg7 38. Rdc1 Rh6 39. Ng4 Bxd4 40. Nxh6 Bxc5 41. Rxc5 1-0

[Event "SVK-chT2C 1213"]
[Site "Slovakia"]
[Date "2012.10.13"]
[Round "1.5"]
[White "Kollar, Vladimir"]
[Black "Stric, Dusan"]
[Result "1/2-1/2"]
[WhiteElo "1996"]
[BlackElo "2045"]
[PlyCount "43"]
[EventDate "2012.10.13"]
[EventType "team-tourn"]
[EventRounds "11"]
[EventCountry "SVK"]
[SourceTitle "EXT 2015"]
[Source "ChessBase"]
[SourceDate "2014.11.20"]
[SourceVersion "1"]
[SourceVersionDate "2014.11.20"]
[SourceQuality "1"]
[WhiteTeam "Dunajov II"]
[BlackTeam "Dolny Kubin"]
[WhiteTeamCountry "SVK"]
[BlackTeamCountry "SVK"]

1. e4 c5 2. c3 g6 3. Nf3 Bg7 4. d4 cxd4 5. cxd4 d5 6. exd5 Qxd5 7. Nc3 Qd8 8. Bc4 Nf6 9. 0-0 0-0 10. h3 b6 11. Be3 Bb7 12. Qe2 e6 13. Rfd1 Nd5 14. Rac1 Nxe3 15. Qxe3 Re8 16. Qf4 Na6 17. Ne4 Bxe4 18. Qxe4 Nc7 19. Qc6 Nd5 20. Bxd5 Qxd5 21. Qxd5 exd5 22. Re1 1/2-1/2

[Event "SVK-chT1E 1112"]
[Site "Slovakia"]
[Date "2012.02.04"]
[Round "8.6"]
[White "Sedlakova, Ivana"]
[Black "Stric, Dusan"]
[Result "1-0"]
[WhiteElo "2081"]
[BlackElo "2066"]
[PlyCount "97"]
[EventDate "2011.10.15"]
[EventType "team-tourn"]
[EventRounds "11"]
[EventCountry "SVK"]
[SourceTitle "EXT 2013"]
[Source "ChessBase"]
[SourceDate "2012.11.22"]
[SourceVersion "1"]
[SourceVersionDate "2012.11.22"]
[SourceQuality "1"]
[WhiteTeam "Sabinov"]
[BlackTeam "Banska Bystrica"]
[WhiteTeamCountry "SVK"]
[BlackTeamCountry "SVK"]

1. d4 g6 2. c4 Bg7 3. Nc3 d6 4. e4 Nd7 5. f3 e5 6. d5 Ne7 7. Bd3 0-0 8. Be3 f5 9. Qd2 f4 10. Bf2 b6 11. g4 h6 12. h4 a5 13. Nge2 Nc5 14. Bc2 Ba6 15. b3 Rf7 16. a3 Bc8 17. h5 g5 18. Rc1 Bf8 19. b4 axb4 20. axb4 Nd7 21. Bb3 Kg7 22. Na4 Ng8 23. Qc3 Ngf6 24. c5 bxc5 25. bxc5 Nxg4 26. fxg4 Nf6 27. cxd6 cxd6 28. Nb6 Bxg4 29. Nxa8 Qxa8 30. Bc2 Bxh5 31. Bb1 Bg6 32. Qc4 Qa5+ 33. Kf1 g4 34. Be1 Qd8 35. Bh4 Qb6 36. Bf2 Qa5 37. Bh4 g3 38. Bxf6+ Kxf6 39. Kg2 Qd2 40. Qd3 f3+ 41. Qxf3+ Kg7 42. Rcd1 Qb2 43. Qe3 h5 44. Rhf1 Rxf1 45. Rxf1 h4 46. Bd3 Be7 47. Rb1 Qa3 48. Rb7 Kf7 49. Qf3+ 1-0

[Event "SVK-chT1E 1112"]
[Site "Slovakia"]
[Date "2011.12.10"]
[Round "5.6"]
[White "Stric, Dusan"]
[Black "Mraz, Ondrej"]
[Result "0-1"]
[WhiteElo "2066"]
[BlackElo "1978"]
[PlyCount "68"]
[EventDate "2011.10.15"]
[EventType "team-tourn"]
[EventRounds "11"]
[EventCountry "SVK"]
[SourceTitle "EXT 2013"]
[Source "ChessBase"]
[SourceDate "2012.11.22"]
[SourceVersion "1"]
[SourceVersionDate "2012.11.22"]
[SourceQuality "1"]
[WhiteTeam "Banska Bystrica"]
[BlackTeam "Liptov Chess School"]
[WhiteTeamCountry "SVK"]
[BlackTeamCountry "SVK"]

1. c4 e5 2. Nc3 Nf6 3. g3 d5 4. cxd5 Nxd5 5. Bg2 Nb6 6. Nf3 Nc6 7. 0-0 Be7 8. b3 0-0 9. Bb2 Be6 10. Rc1 f6 11. d3 a5 12. e3 a4 13. Nb5 axb3 14. axb3 Ra5 15. Nc3 Ba3 16. Rb1 Qd7 17. d4 Qf7 18. Bxa3 Rxa3 19. Nd2 exd4 20. Nb5 Ra5 21. Bxc6 dxe3 22. fxe3 bxc6 23. Nd4 Bh3 24. Rf2 c5 25. Nc6 Ra2 26. Qc1 Qd7 27. Qxc5 Rxd2 28. Ne7+ Kf7 29. Re1 Rxf2 30. Kxf2 Bg4 31. Qb4 c5 32. Qc3 Qxe7 33. Rc1 Rd8 34. Rc2 Qe4 0-1

[Event "SVK-chT2C 10/11"]
[Site "Slovakia"]
[Date "2011.03.27"]
[Round "11.6"]
[White "Kukucka, Matej"]
[Black "Stric, Dusan"]
[Result "1/2-1/2"]
[WhiteElo "1929"]
[BlackElo "2062"]
[PlyCount "150"]
[EventDate "2010.10.23"]
[EventType "team-tourn"]
[EventRounds "11"]
[EventCountry "SVK"]
[SourceTitle "EXT 2019"]
[Source "ChessBase"]
[SourceDate "2018.10.10"]
[SourceVersion "1"]
[SourceVersionDate "2018.10.10"]
[SourceQuality "1"]
[WhiteTeam "Zilina Mladost II"]
[BlackTeam "Dolny Kubin"]
[WhiteTeamCountry "SVK"]
[BlackTeamCountry "SVK"]

1. e4 c5 2. Nc3 Nc6 3. f4 g6 4. Nf3 Bg7 5. Bb5 e6 6. Bxc6 bxc6 7. d3 d5 8. 0-0 Ne7 9. Na4 Qa5 10. c4 0-0 11. e5 Nf5 12. b3 Rd8 13. Qe2 Bf8 14. Qf2 dxc4 15. dxc4 Nd4 16. Ng5 Ba6 17. Bd2 Ne2+ 18. Qxe2 Rxd2 19. Qe1 Qd8 20. Kh1 Rd4 21. Rc1 Qc7 22. Rf3 Rad8 23. Nc3 h6 24. Nge4 Be7 25. Qg3 R8d7 26. Rcf1 Qd8 27. f5 Bh4 28. Qh3 exf5 29. Nxc5 Bc8 30. Nxd7 Bxd7 31. Rd3 Be6 32. Rfd1 Rxd3 33. Qxd3 Qa5 34. Qd4 Be7 35. h3 Kg7 36. Na4 g5 37. Qc3 Bb4 38. Qd4 Be7 39. Qc3 Bb4 40. Qe3 Kg6 41. c5 Bd5 42. Rxd5 cxd5 43. Qd4 Be1 44. Qxd5 Bg3 45. Qd4 Qe1+ 46. Qg1 Qxe5 47. Qd1 h5 48. b4 g4 49. Qd6+ Qxd6 50. cxd6 Bxd6 51. b5 Kg5 52. b6 axb6 53. Nxb6 Bc5 54. Nc4 Kh4 55. Kh2 Bf2 56. hxg4 fxg4 57. a4 f5 58. a5 f4 59. a6 Ba7 60. Ne5 g3+ 61. Kh1 Kg5 62. Nc6 Bf2 63. a7 Bxa7 64. Nxa7 h4 65. Nc6 f3 66. Kg1 Kf4 67. gxf3 Kxf3 68. Nd4+ Kg4 69. Ne2 Kf3 70. Nxg3 hxg3 71. Kf1 Kg4 72. Kg2 Kf4 73. Kg1 Kf3 74. Kf1 g2+ 75. Kg1 Kg3 1/2-1/2

[Event "SVK-chT1E 0910"]
[Site "Slovakia"]
[Date "2010.02.13"]
[Round "8.1"]
[White "Cech, Dominik"]
[Black "Stric, Dusan"]
[Result "1-0"]
[WhiteElo "2095"]
[BlackElo "2068"]
[PlyCount "61"]
[EventDate "2009.10.17"]
[EventType "team"]
[EventRounds "11"]
[EventCountry "SVK"]
[SourceTitle "EXT 2011"]
[Source "ChessBase"]
[SourceDate "2010.11.26"]
[SourceVersion "1"]
[SourceVersionDate "2010.11.26"]
[SourceQuality "1"]
[WhiteTeam "Michalovce Zemplin"]
[BlackTeam "Liptov"]
[WhiteTeamCountry "SVK"]
[BlackTeamCountry "SVK"]

1. e4 g6 2. d4 Bg7 3. Nc3 d6 4. Be3 Nd7 5. Qd2 e5 6. Nf3 a6 7. Bc4 Nb6 8. Bb3 Bg4 9. Ng5 Nh6 10. h3 Bd7 11. dxe5 dxe5 12. 0-0-0 Qe7 13. Bxb6 cxb6 14. Nd5 Qc5 15. Nf6+ Bxf6 16. Qxd7+ Kf8 17. Nxf7 Qe7 18. Nxh8 Bxh8 19. Qxe7+ Kxe7 20. Rd3 Ng8 21. Bxg8 Rxg8 22. Rhd1 Bf6 23. Rd7+ Ke8 24. Rxb7 Bg5+ 25. Kb1 Rf8 26. Rb8+ Kf7 27. Rxf8+ Kxf8 28. Rd6 Be7 29. Rxb6 Bc5 30. Rxa6 Bxf2 31. Rf6+ 1-0

[Event "SVK-chT1E 0910"]
[Site "Slovakia"]
[Date "2010.01.17"]
[Round "7.2"]
[White "Stric, Dusan"]
[Black "Kopnicky, Frantisek"]
[Result "1-0"]
[WhiteElo "2068"]
[BlackElo "1994"]
[PlyCount "71"]
[EventDate "2009.10.17"]
[EventType "team"]
[EventRounds "11"]
[EventCountry "SVK"]
[SourceTitle "EXT 2011"]
[Source "ChessBase"]
[SourceDate "2010.11.26"]
[SourceVersion "1"]
[SourceVersionDate "2010.11.26"]
[SourceQuality "1"]
[WhiteTeam "Liptov"]
[BlackTeam "Svit"]
[WhiteTeamCountry "SVK"]
[BlackTeamCountry "SVK"]

1. c4 Nf6 2. Nc3 e5 3. g3 g6 4. Bg2 Bg7 5. e3 0-0 6. Nge2 Re8 7. 0-0 Nc6 8. b3 e4 9. d4 exd3 10. Qxd3 d6 11. e4 Nd7 12. Bb2 Nc5 13. Qd2 Ne5 14. Rad1 Bh3 15. f3 Bxg2 16. Kxg2 Nc6 17. Nd5 Nd7 18. g4 Rc8 19. Bxg7 Kxg7 20. h4 h6 21. Rh1 Kh7 22. Ng3 Nf6 23. h5 g5 24. Qc2 Ne5 25. Nf5 Ng8 26. Rd2 Re6 27. Rhd1 Qf8 28. b4 f6 29. Qb3 Qf7 30. c5 c6 31. Nde3 dxc5 32. bxc5 Rc7 33. Nd6 Rxd6 34. Rxd6 Qxb3 35. axb3 Ne7 36. Rxf6 1-0

[Event "SVK-chT2C 0809"]
[Site "Slovakia"]
[Date "2008.12.06"]
[Round "5.3"]
[White "Stric, Dusan"]
[Black "Mocary, Metod"]
[Result "1-0"]
[WhiteElo "2039"]
[BlackElo "2062"]
[PlyCount "125"]
[EventDate "2008.10.11"]
[EventType "team-tourn"]
[EventRounds "11"]
[EventCountry "SVK"]
[SourceTitle "EXT 2010"]
[Source "ChessBase"]
[SourceDate "2010.11.25"]
[SourceVersion "1"]
[SourceVersionDate "2010.11.25"]
[SourceQuality "1"]
[WhiteTeam "Liptov SK III"]
[BlackTeam "Dolny Kubin"]
[WhiteTeamCountry "SVK"]
[BlackTeamCountry "SVK"]

1. c4 Nf6 2. Nc3 g6 3. g3 Bg7 4. Bg2 0-0 5. e3 c6 6. Nge2 d5 7. cxd5 Nxd5 8. 0-0 Na6 9. d4 Nab4 10. Na4 b5 11. Nc5 Na6 12. Nd3 Bb7 13. Bd2 Re8 14. Rc1 Rc8 15. a3 e6 16. b4 Nb6 17. Bc3 Nc4 18. Qb3 e5 19. Nxe5 Nxe5 20. dxe5 Bxe5 21. Rfd1 Qf6 22. Bxe5 Rxe5 23. Rd7 Rc7 24. Rcd1 Rxd7 25. Rxd7 Re7 26. Qd1 Kg7 27. Rxe7 Qxe7 28. Qd4+ Qf6 29. Qxa7 Qa1+ 30. Bf1 Bc8 31. Qd4+ Qxd4 32. Nxd4 Bd7 33. e4 Kf6 34. f4 Ke7 35. e5 Kd8 36. Kf2 Kc7 37. Ke3 Kb6 38. Ke4 Nc7 39. Nb3 Bf5+ 40. Kf3 Ne6 41. Ke3 Nc7 42. Nc5 h5 43. Kd4 h4 44. Be2 Nd5 45. Bd1 hxg3 46. hxg3 f6 47. Bf3 fxe5+ 48. fxe5 Ne7 49. e6 Kc7 50. Ke5 Bc2 51. g4 Bb1 52. Na6+ Kb7 53. Kd6 Nc8+ 54. Kd7 Nb6+ 55. Kd8 g5 56. Nc5+ Kb8 57. Nd7+ Kb7 58. Nxb6 Kxb6 59. e7 Bg6 60. e8Q Bxe8 61. Kxe8 c5 62. bxc5+ Kxc5 63. Kf7 1-0

[Event "SVK-chT2C 0809"]
[Site "Slovakia"]
[Date "2008.10.12"]
[Round "2.2"]
[White "Sedlar, Jozef"]
[Black "Stric, Dusan"]
[Result "0-1"]
[WhiteElo "2039"]
[BlackElo "2039"]
[PlyCount "94"]
[EventDate "2008.10.11"]
[EventType "team-tourn"]
[EventRounds "11"]
[EventCountry "SVK"]
[SourceTitle "EXT 2010"]
[Source "ChessBase"]
[SourceDate "2010.11.25"]
[SourceVersion "1"]
[SourceVersionDate "2010.11.25"]
[SourceQuality "1"]
[WhiteTeam "Banska Bystrica Kurta"]
[BlackTeam "Liptov SK III"]
[WhiteTeamCountry "SVK"]
[BlackTeamCountry "SVK"]

1. a3 c5 2. c3 g6 3. d4 cxd4 4. cxd4 Bg7 5. Nc3 d5 6. Nf3 Nf6 7. Bg5 h6 8. Bh4 0-0 9. e3 a6 10. Qb3 e6 11. Bd3 Nc6 12. 0-0 Na5 13. Qc2 Qe8 14. Na4 b5 15. Nc5 Nc4 16. b3 Nd6 17. Bg3 Qe7 18. Rfc1 Nf5 19. Ne5 Bb7 20. Qe2 Nxg3 21. hxg3 Ne4 22. Bxe4 dxe4 23. Ned7 Rfd8 24. Nxb7 Rxd7 25. Nc5 Rc7 26. Qg4 Rac8 27. b4 e5 28. d5 Qd6 29. Rd1 f5 30. Qe2 Bf8 31. Qa2 Kh7 32. Rd2 Qf6 33. Ne6 Rc4 34. Nxf8+ Qxf8 35. d6 Rd8 36. Rad1 Rd7 37. Rd5 Rc6 38. Qd2 Qf6 39. Kh2 Kg7 40. Kg1 Qe6 41. Kh2 Kf6 42. f4 exf4 43. Qd4+ Kf7 44. gxf4 Qf6 45. Qe5 Qh4+ 46. Kg1 Rc2 47. Qe7+ Rxe7 0-1

[Event "Liptovsky Mikulas Liptov op 25th"]
[Site "Liptovsky Mikulas"]
[Date "2008.08.30"]
[Round "5"]
[White "Miciak, Emanuel"]
[Black "Stric, Dusan"]
[Result "0-1"]
[WhiteElo "1987"]
[BlackElo "2023"]
[PlyCount "78"]
[EventDate "2008.08.28"]
[EventType "swiss"]
[EventRounds "7"]
[EventCountry "SVK"]
[SourceTitle "CBM 126 Extra"]
[Source "ChessBase"]
[SourceDate "2008.11.05"]
[SourceVersion "1"]
[SourceVersionDate "2008.11.05"]
[SourceQuality "1"]

1. d4 g6 2. c4 Bg7 3. Nc3 d6 4. e4 Nd7 5. Nf3 e5 6. Be2 Ne7 7. 0-0 0-0 8. Be3 Nc6 9. d5 Ne7 10. Ne1 f5 11. f3 f4 12. Bf2 g5 13. b4 Ng6 14. c5 h5 15. Rc1 a6 16. a4 b6 17. Nd3 Rf6 18. a5 b5 19. Qc2 Rf7 20. Nb1 Nf6 21. cxd6 cxd6 22. Bb6 Qd7 23. Qb3 Ne8 24. Rc2 Bb7 25. Rfc1 Rc8 26. Rxc8 Bxc8 27. Nd2 Bh6 28. Qc3 Bb7 29. Bd1 g4 30. Nc5 dxc5 31. bxc5 Bc8 32. c6 Qe7 33. Bc5 Nd6 34. Qb4 Bf8 35. c7 Qxc7 36. Nb3 Nc4 37. d6 Qc6 38. Be2 Be6 39. Rd1 Rd7 0-1